| 000 | 01103nam a2200301 4500 | ||
|---|---|---|---|
| 003 | EC-UNACH | ||
| 005 | 20251027141425.0 | ||
| 006 | s||||gr|||| 00| 00 | ||
| 008 | 150116t9999 mx r gr 000 0 spa d | ||
| 020 | _a978-9978-67-166-5 | ||
| 040 |
_aEC-UNACH _cEC-UNACH |
||
| 041 | _aspa | ||
| 082 | 0 | 4 |
_223 _a302.2 _bL017900 |
| 110 | _aFlacso | ||
| 245 | _aLo urbano en su complejidad una lectura desde América latina | ||
| 250 | _aPrimera edicción | ||
| 264 |
_aEcuador _bFlacso _c2008 |
||
| 300 | _a393 | ||
| 505 | _a1- Transformaciones socio- Territoriales en el contexto de la globalización 2- Desafíos de la gestión urbana 3- Lo urbano como proceso de comunicación y aprendizaje 4- Construcción de lo urbano | ||
| 650 | _aGlobalización , negocios inmobiliarios y mercantilización del desarrollo urbano | ||
| 650 | _aLa crisis de la institucional | ||
| 650 | _aGestión de los servicios publicos | ||
| 700 | _aMarco Córdova Montufar | ||
| 942 |
_2ddc _c1 |
||
| 999 | _c14094 | ||